000 00744nam a2200289Ia 4500
005 20260324114021.0
008 008 260324s9999 xx 000 0 eng d
020 _a9781003245827
037 _aEBOOK
040 _aCRL
040 _beng
040 _cCRL
041 _2eng
041 _aeng
084 _qCRL
100 _aKatey De Gioia; Alma Fleet; Catherine Patterson; Marina Papic
_91149093
245 0 _aUnlocking Practitioner Inquiry
245 0 _bGrowing Professionally in Early Years Education
260 _bTaylor and Francis
260 _c2023
365 _a
365 _b220
856 _uhttp://www.taylorfrancis.com/books/9781003245827
942 _cEBOOK
999 _c1739050
_d1739050